|
|
แสดงรายละเอียดบรรณานุกรม |
|
|
Brief Record
: Get Marc (ISO 2709)
: E-mail record
: |
|
|
| LEADER 00000nam 2200000uu 4500 | |||
| 008 121001s2011||||th 000 0 tha d | |||
| 040 ^abcnkk | |||
| 041 0 ^aeng | |||
| 090 ^aVCD000272 | |||
| 100 0 ^aChristensen,Barbara Lauritsen. | |||
| 245 00 ^aAdult health nursing.[VCD]/^bBarbara Lauritsen Christensen. | |||
| 260 ^aSt.Louis,Missouri:^bMosby Elsevier,^c2011. | |||
| 500 ^aCD-ROM | |||
| 650 0 ^aNursing. | |||
| 650 0 ^aHealth care. | |||
| 999 ^aใช้งานได้ทุกระบบ | |||
| คุณยังไม่ได้ล็อกอิน คุณสามารถมีกิจกรรมร่วมกับเว็บไซต์ได้ แต่ต้องล็อกอินก่อน :: |
|
| สถานะ | |||||||||
| 1. | สื่อวีดิทัศน์ | VCD000272 2011 | On Shelf ขอยืม | ||||||
| [แสดง 1/1 รายการ] | |||||||||
BibComment |
| คอมเมนท์ทรัพยากรรายการนี้ |
|
|